| 000 | 00364nam a22001337a 4500 | ||
|---|---|---|---|
| 082 |
_a001 _bMAN/Y |
||
| 100 | _aMALAYALA MANORAMA | ||
| 245 | _aMANORAMA YEAR BOOK- 2024 | ||
| 246 |
_aMANORAMA YEAR BOOK- 2024 _bMANORAMA YEAR BOOK- 2024 |
||
| 260 |
_aKOTTAYAM, INDIA _bMALAYALA MANORAMA _c2024 |
||
| 300 | _a1006 | ||
| 650 | _aGENERAL KNOWLEDGE -YEAR BOOK | ||
| 942 | _cBK | ||
| 999 |
_c8685 _d8685 |
||